Bilecik Bilecik Bilecik Bilecik Bilecik

Uluslararası sempozyum : (Record no. 56532)

MARC details
000 -BAŞLIK
Sabit Uzunluktaki Kontrol Alanı 01282nam a22003137a 4500
001 - KONTROL NUMARASI
Control Dosyası 0056724
003 - KONTROL NUMARASI KİMLİĞİ
Kontrol Alanı KOHA_MİRAKIL
005 - EN SON İŞLEM TARİHİ ve ZAMANI
Kontrol Alanı 20260207004058.0
007 - FİZİKSEL TANIM SABİT ALAN - GENEL BİLGİ
Sabit uzunluklu kontrol alanı ta
008 - SABİT UZUNLUKTAKİ VERİ ÖGELERİ - GENEL BİLGİ
Sabit Alan 160331b2015 tu |||gro|||#1|||0|tur |
020 ## - ISBN - ULUSLARARASI STANDART KİTAP NUMARASI
Isbn 9789754426809(tk.) 9789754426823(c.2)
040 ## - KATALOGLAMA KAYNAĞI
Özgün Kataloglama Kurumu TR-BiSEU
Kataloglama Dili tur
Çeviri Kurumu TR-BiSEU
Açıklama Kuralları rda
041 0# - DİL KODU
Metin ya da ses kaydının dil kodu tur
044 ## - YAYINLAYAN/ÜRETEN KURULUŞUN ÜLKE KODU
ISO country code tu
050 ## - SINIFLAMA ve YER NUMARASI
Sınıflama Numarası HM681
Yer Numarası .U48 2015
111 2# - TOPLANTI ADI
Toplantı Adı Uluslararası Sempozyum İnsan Değerlerin Yeniden İnşası (2014 : Erzurum)
9 (RLIN) 105016
245 1# - ESER ADI BİLDİRİMİ
Başlık Uluslararası sempozyum :
Alt Eseradı vb. insani değerlerin yeniden inşası :
-- tebliğler, 19-21 Haziran 2014 Erzurum/
Sorumluluk Bildirimi Editör Cengiz Gündoğdu ; editör yardımcısı Muammer Cengiz.
264 #1 - ÜRERİM, YAYIN, DAĞITIM ve TELİF BİLDİRİMİ
Yayın yeri Erzurum :
Yayınlayan Atatürk Üniversitesi
Yayın tarihi 2015
300 ## - FİZİKSEL TANIMLAMA
Sayfa, Cilt vb. 3 c. ;
Boyutları 28 cm
336 ## - İÇERİK TÜRÜ
Content type term metin
Content type code txt
Source rdacontent
337 ## - MEDYA TÜRÜ
Media type term aracısız
Media type code n
Source rdamedia
338 ## - TAŞIYICI TÜRÜ
Carrier type term cilt
Carrier type code nc
Source rdacarrier
490 1# - DİZİ BİLDİRİMİ
Dizi Bildirimi Atatürk Üniversitesi Yayınları ;
Cilt Numarası 1076.
500 ## - GENEL NOT
Genel Not Kaynakça bölüm sonlarındadır.
650 #0 - KONU BAŞLIĞI EK GİRİŞ - KONU TERİMİ
Konusal terim veya coğrafi ad Sosyoloji--Sosyal değerler--Kongreler.Human values--Congresses.İnsani değerler--Kongreler.Ethics--Congresses.Ahlak--Kongreler.Sociology--Social values--Congresses.
9 (RLIN) 105017
830 1# - SERİ EK GİRİŞİ - TEKBİÇİM ESER ADI
Tekbiçim Başlık Atatürk Üniversitesi Yayınları ;
Volume number/sequential designation 1076.
9 (RLIN) 28654
907 ## - LOCAL DATA ELEMENT G, LDG (RLIN)
a Sempozyum
942 ## - EK GİRİŞ ÖGELERİ (KOHA)
Source of classification or shelving scheme Library of Congress Classification
Koha item type Book
Holdings
Materyal Türü Kalıcı Konum Mevcut Konum Raf Yeri Sınıflandırma Kaynağı Edinim Bilgisi Ana Konular Alt Konular Yer Numarası Cilt Bilgisi Demirbaş Numarası Fatura Tarihi Geri Çekilme Durumu Kayıp Durumu Hasarlı Durumu Kredi için değil Kayıt Tarih Toplam Ödünçverme Son Görülme Tarihi Son Kontrol Tarihi Genel / Bağış Notu
Book Prof. Dr. Azmi Özcan Kütüphanesi Prof. Dr. Azmi Özcan Kütüphanesi Uluğbey Salonu Library of Congress Classification Bağış SOSYAL BİLİMLER Sosyoloji (Genel) HM681 .U48 2015 c.2 0056724 02/02/2026         31/03/2016   05/12/2024 05/12/2024 Genel Bağış